Medicina legal (Registro nro. 3877)

Detalles MARC
000 -Cabecera
Campo de control de longitud fija 00884aam a2200361 4500
005 - Fecha y hora de la última transacción
Campo de control 20250625121241.0
008 - Elementos de longitud fija--Información general
Campo de control de longitud fija 150311b2017 xxu||||| |||| 00| 0 spa d
020 ## - International Standard Book Number
Número Internacional Estándar del Libro (ISBN) 978607172991
041 ## - Idioma
Código de idioma Español
082 ## - Clasificación Decimal Dewey
Número de clasificación 614.1 V297me6
100 ## - Entrada principal--Autor personal
Nombre personal Vargas Alvarado, Eduardo
9 (RLIN) 16114
245 ## - Título propiamente dicho
Título Medicina legal
250 ## - Edición
Mención de edición 6 edición
260 ## - Pie de imprenta
Lugar de publicación, distribución, etc. México
260 ## - Pie de imprenta
Nombre del editor, distribuidor, etc. Trillas
260 ## - Pie de imprenta
Fecha de publicación, distribución, etc. 2017
300 ## - Descripción física
Extensión 552 páginas
490 ## - Serie
Título de la Serie Investigación Criminal
650 ## - Materia general
Temática (materia general) MEDICINA LEGAL
650 ## - Materia general
Temática (materia general) ESCENARIO DEL DELITO
650 ## - Materia general
Temática (materia general) IDENTIFICACION DENTAL
650 ## - Materia general
Temática (materia general) CADAVER
650 ## - Materia general
Temática (materia general) HISTORIA
650 ## - Materia general
Temática (materia general) LESIONES
650 ## - Materia general
Temática (materia general) ACCIDENTES DE TRANSITO
650 ## - Materia general
Temática (materia general) TRASTORNOS DE SEXULIDAD
650 ## - Materia general
Temática (materia general) ABORTO
650 ## - Materia general
Temática (materia general) MEDICINA LEGAL TOXICOLOGIA
650 ## - Materia general
Temática (materia general) BIOETICA
650 ## - Materia general
Temática (materia general) SUICIDIO
650 ## - Materia general
Temática (materia general) EUTANASIA
942 ## - Punto de acceso adicional KOHA
Tipo de ítem KOHA Libro
Fuente del sistema de clasificación o colocación Dewey Decimal Classification
Existencias
Signatura completa Código de barras Programa Académico Tipo de ítem
614.1 V297me6 25045 Investigación Criminal Libro